00682nam a2200157 a 4500003000200000005001700002008004100019050002700060100003000087245014000117260009000257300004000347504004100387650004600428650005000474020250509145218.0970101s19uu xx 00 eng d aPHS HD 7160b.S43 2004 aSebastain, Dan Patrick D. aA Study on SSS members' satisfaction on SSS benefits and services in banks in San Jose, Occidental Mindoro /cDan Patrick D. Sebastian. aLas Piñas City, Philippines :bSouthville International School and Colleges,c2004. a33 pages :billustrations ;c28 cm. aIncludes bibliographical references. aSocial securityzPhilippinesxEvaluation. aSocial securityzPhilippinesxPublic opinion.